000 00507nam a22001811c 4500
001 a987666551+[1]
035 _aa987666551
008 170707s2010 gw |||| 000u rus d
100 1 _aGumilev, Lev N.
_910087
245 0 0 _aOtkrytie Chasarii
264 _aMoskva :
_bAlgoritm [u.a.],
_c2010
300 _aS. 7-188
246 1 2 _aChazary : tainstvennyj sled v russkoj istorii. Otkrytie Chasarii
_n[1]
773 0 _wa987666551
_q[1]
_aChazary
942 _cMG
040 _cRU-10907106
003 RU-10907106
999 _c43974
_d43974